000 00373nam a2200157Ia 4500
003 0STCL
008 150530s9999 xx 000 0 und d
040 _aSTCL
_cSTCL
100 _aAlexander Gray
245 _aDevelopment of economic doctrine an introductory survey
260 _c1933
546 _aEnglish
942 _2ddc
_cBK
999 _c7634
_d7634
005 20220125165453.0